FUEL YOUR FIRE: : 200 WAYS TO INSTANTLY BEAT BURNOUT AND REIGNITE YOUR PASSION

Just because burnout is everywhere doesn't mean you have to live with it! Fuel your fire introduces you to two hundred exercises that can help you battle burnout and come away feeling refreshed, renewed, and relaxed. From stretching with a foam roller to early morning journaling to attending a...

Full description

Bibliographic Details
Main Author: Acton, Samantha (Author)
Format: Book
Language:English
Published: New York : Adams Media, 2020
Edition:First Acton Media trade paperback edition
Subjects:

MARC

LEADER 00000cam a2200000 7i4500
001 0000138992
005 20210129.0
008 210129s2020 mau# 0 eng d
020 |a 9781507212608 
040 |a PERPUSTAM   |b eng   |c PERPUSTAM   |e rda 
090 0 0 |a 155.9042   |b ACT 
100 1 |a Acton, Samantha ,   |e author 
245 1 0 |a FUEL YOUR FIRE: :   |b 200 WAYS TO INSTANTLY BEAT BURNOUT AND REIGNITE YOUR PASSION   |c SAMANTHA ACTON 
250 |a First Acton Media trade paperback edition 
264 1 |a New York :   |b Adams Media,   |c 2020 
264 4 |c ©2020 
300 |a 224 pages ;   |c 18 cm. 
336 |a text  |2 rdacontent 
337 |a unmediated  |2 rdamedia 
338 |a volume  |2 rdacarrier 
500 |a Includes index 
520 |a Just because burnout is everywhere doesn't mean you have to live with it! Fuel your fire introduces you to two hundred exercises that can help you battle burnout and come away feeling refreshed, renewed, and relaxed. From stretching with a foam roller to early morning journaling to attending a spiritual retreat, these exercises will help you calm your mind, alleviate stress, and find peace.Not only will you recover from the burnout that may already be affecting your daily life -- you'll also prevent future burnout from occurring. 
650 1 0 |a Burn out (Psychology) 
650 2 0 |a Stress (Psychology) 
999 |a 0000679949   |b Buku   |c Rak Terbuka   |e Perbadanan Perpustakaan Awam Melaka 
999 |a 0000679950   |b Buku   |c Rak Terbuka   |e Perbadanan Perpustakaan Awam Melaka 
999 |a 0000679951   |b Buku   |c Rak Terbuka   |e Perpustakaan Cawangan Merlimau 
999 |a 0000679994   |b Buku   |c Rak Terbuka   |e Perpustakaan Cawangan Masjid Tanah 
999 |a 0000679995   |b Buku   |c Rak Terbuka   |e Perpustakaan Cawangan Jasin